Italian Names of Italian Cities - Statistics

General Stats
  • This quiz has been taken 834 times
  • The average score is 13 of 15
Answer Stats
English Italian % Correct
Rome Roma
100%
Milan Milano
98%
Naples Napoli
96%
Bologna Bologna (Bulåggna in Emilian)
87%
Palermo Palermo
87%
Bari Bari (Bare in Barese)
86%
Turin Torino
86%
Verona Verona (Veròna in Venetian)
86%
Catania Catania
83%
Messina Messina (Missina in Sicilian)
83%
Trieste Trieste (Trièst in Venetian)
81%
Venice Venezia
81%
Florence Firenze
80%
Genoa Genova
72%
Padua Padova
59%
No matching quizzes found
Score Distribution
Percent of People with Each Score
Percentile by Number Answered
Your Score History
You have not taken this quiz